Statistics for Best Players for each team 23-24 big six

Click here to take the quiz!

General Stats

  • This quiz has been taken 27 times
  • The average score is 14 of 24

Answer Stats

HintAnswer% Correct
Manchester CityDe Bruyne
95%
Manchester CityHaaland
95%
LiverpoolSalah
86%
Manchester CityRodri
81%
SpursSon
81%
ArsenalJesus
76%
ArsenalSaka
76%
ArsenalOdegaard
71%
Manchester UnitedFernandes
67%
Manchester CityDias
62%
Manchester UnitedHojlund
62%
LiverpoolJota
62%
ArsenalSaliba
62%
Manchetser UnitedMaguire
57%
ChelseaSterling
57%
ChelseaPalmer
52%
LiverpoolAllison
48%
Manchester UnitedGarnacho
48%
SpursMaddison
48%
LiverpoolAlexander- Arnold
43%
ChelseaJackson
43%
SpursKulusevski
33%
SpursBentancur
14%
ChelseaNkunku
14%

Score Distribution

Percentile by Number Answered

Percent of People with Each Score

Your Score History

You have not taken this quiz